[Event "WCO2014"]
[Site "Tromso"]
[Date "2014.08.12"]
[Round "10.11"]
[WhiteID "3408205"]
[White "Fuentes Inzunza Lesly"]
[BlackID "12506540"]
[Black "Hakimifard Ghazal"]
[Result "0-1"]
[LiveChessVersion "1.4.3"]
[BlackElo "2232"]
[WhiteElo "1895"]

1. d4 {[%clk 1:30:55]} Nf6 {[%clk 1:30:52]} 2. c4 {[%clk 1:31:19]} e6
{[%clk 1:31:17]} 3. Nc3 {[%clk 1:31:44]} Bb4 {[%clk 1:31:41]} 4. Qc2
{[%clk 1:32:05]} c5 {[%clk 1:31:52]} 5. e3 {[%clk 1:31:24]} Nc6 {[%clk 1:31:45]}
6. Nf3 {[%clk 1:31:26]} b6 {[%clk 1:31:17]} 7. a3 {[%clk 1:25:05]} Bxc3+
{[%clk 1:31:26]} 8. Qxc3 {[%clk 1:23:49]} O-O {[%clk 1:25:38]} 9. Bd3
{[%clk 1:19:16]} Bb7 {[%clk 1:24:31]} 10. O-O {[%clk 1:19:17]} Qe7
{[%clk 1:19:37]} 11. b3 {[%clk 1:14:43]} Rac8 {[%clk 1:17:38]} 12. dxc5
{[%clk 1:13:11]} bxc5 {[%clk 1:17:38]} 13. Bb2 {[%clk 1:12:28]} Rfe8
{[%clk 1:10:15]} 14. Ne5 {[%clk 1:07:24]} d6 {[%clk 1:07:01]} 15. Ng4
{[%clk 1:04:22]} e5 {[%clk 1:06:26]} 16. Nxf6+ {[%clk 0:55:46]} Qxf6
{[%clk 1:06:48]} 17. Qc2 {[%clk 0:55:33]} Qh6 {[%clk 1:02:12]} 18. Be4
{[%clk 0:53:14]} Rb8 {[%clk 0:59:33]} 19. Bc3 {[%clk 0:51:48]} Ne7
{[%clk 0:52:43]} 20. Bxb7 {[%clk 0:51:01]} Rxb7 {[%clk 0:53:12]} 21. Rfd1
{[%clk 0:45:47]} Qe6 {[%clk 0:52:16]} 22. Be1 {[%clk 0:38:57]} Rc8
{[%clk 0:47:00]} 23. Rab1 {[%clk 0:34:22]} Rb6 {[%clk 0:42:21]} 24. Rd3
{[%clk 0:27:12]} Nf5 {[%clk 0:38:38]} 25. Qe2 {[%clk 0:19:14]} Qg6
{[%clk 0:36:49]} 26. Rbd1 {[%clk 0:18:22]} e4 {[%clk 0:35:19]} 27. Rc3
{[%clk 0:16:26]} Nh4 {[%clk 0:34:46]} 28. Qf1 {[%clk 0:15:47]} Nf3+
{[%clk 0:34:50]} 29. Kh1 {[%clk 0:15:56]} Nxh2 {[%clk 0:34:09]} 30. Qe2
{[%clk 0:09:32]} Ng4 {[%clk 0:33:28]} 31. Qc2 {[%clk 0:08:43]} Qh5+
{[%clk 0:34:01]} 32. Kg1 {[%clk 0:09:04]} Qh2+ {[%clk 0:34:23]} 33. Kf1
{[%clk 0:09:28]} Qh1+ {[%clk 0:34:44]} 34. Ke2 {[%clk 0:09:41]} Qxg2
{[%clk 0:35:03]} 35. Rd5 {[%clk 0:08:25]} Qf3+ {[%clk 0:35:03]} 36. Kd2
{[%clk 0:05:42]} Nxf2 {[%clk 0:33:43]} 37. Bxf2 {[%clk 0:04:18]} Qxf2+
{[%clk 0:34:11]} 38. Kc1 {[%clk 0:04:24]} Qxc2+ {[%clk 0:34:37]} 39. Kxc2
{[%clk 0:04:46]} g6 {[%clk 0:34:46]} 40. Kd2 {[%clk 0:03:17]} Kg7
{[%clk 0:35:04]} 41. Ke2 {[%clk 0:03:01]} h5 {[%clk 0:35:17]} 42. Kf2
{[%clk 0:03:08]} Kf6 {[%clk 0:35:15]} 43. Kg3 {[%clk 0:02:58]} Ke6
{[%clk 0:34:06]} 44. Kf4 {[%clk 0:02:05]} Rcb8 {[%clk 0:34:22]} 45. Kxe4
{[%clk 0:29:08]} Rxb3 {[%clk 1:05:12]} 46. Rc2 {[%clk 0:24:49]} Rxa3
{[%clk 1:05:26]} 47. Rcd2 {[%clk 0:24:16]} Rb6 {[%clk 1:05:50]} 0-1

[Event "WCO2014"]
[Site "Tromso"]
[Date "2014.08.12"]
[Round "10.12"]
[WhiteID "12512230"]
[White "Asgarizadeh Minoo"]
[BlackID "3405770"]
[Black "Miranda Gonzalez Nicole"]
[Result "1/2-1/2"]
[LiveChessVersion "1.4.3"]
[BlackElo "1943"]
[WhiteElo "2147"]

1. e4 {[%clk 1:30:54]} c5 {[%clk 1:30:54]} 2. Nf3 {[%clk 1:31:19]} Nc6
{[%clk 1:31:11]} 3. d4 {[%clk 1:31:44]} cxd4 {[%clk 1:31:29]} 4. Nxd4
{[%clk 1:32:10]} e5 {[%clk 1:31:47]} 5. Nb5 {[%clk 1:30:02]} a6 {[%clk 1:31:32]}
6. Nd6+ {[%clk 1:30:07]} Bxd6 {[%clk 1:31:52]} 7. Qxd6 {[%clk 1:30:27]} Qf6
{[%clk 1:32:15]} 8. Qd1 {[%clk 1:17:18]} Qg6 {[%clk 1:31:37]} 9. Nc3
{[%clk 1:16:43]} Nge7 {[%clk 1:31:22]} 10. Be3 {[%clk 1:09:59]} d5
{[%clk 1:29:36]} 11. exd5 {[%clk 0:52:13]} Nb4 {[%clk 1:29:08]} 12. Bd3
{[%clk 0:52:25]} Nxd3+ {[%clk 1:27:41]} 13. Qxd3 {[%clk 0:52:29]} Qxd3
{[%clk 1:23:43]} 14. cxd3 {[%clk 0:52:58]} Bf5 {[%clk 1:23:08]} 15. Bc5
{[%clk 0:41:32]} Rc8 {[%clk 1:05:40]} 16. Ba3 {[%clk 0:34:54]} b5
{[%clk 0:52:21]} 17. O-O {[%clk 0:34:56]} Bxd3 {[%clk 0:50:01]} 18. Rfe1
{[%clk 0:33:35]} Ng6 {[%clk 0:47:21]} 19. Rad1 {[%clk 0:33:45]} Bf5
{[%clk 0:45:54]} 20. d6 {[%clk 0:28:28]} Bd7 {[%clk 0:39:16]} 21. Bb4
{[%clk 0:24:13]} O-O {[%clk 0:34:27]} 22. Nd5 {[%clk 0:24:37]} Rc4
{[%clk 0:33:23]} 23. Bc3 {[%clk 0:19:47]} Rb8 {[%clk 0:22:38]} 24. b3
{[%clk 0:16:19]} Rc5 {[%clk 0:18:12]} 25. Ba5 {[%clk 0:13:10]} f6
{[%clk 0:14:49]} 26. Bb6 {[%clk 0:11:05]} Rxd5 {[%clk 0:13:13]} 27. Rxd5
{[%clk 0:11:27]} Rxb6 {[%clk 0:13:33]} 28. Rc1 {[%clk 0:10:57]} Kf7
{[%clk 0:13:11]} 29. Rc7 {[%clk 0:10:22]} Ke6 {[%clk 0:13:13]} 30. Rd1
{[%clk 0:10:51]} Rxd6 {[%clk 0:12:50]} 31. Rxd6+ {[%clk 0:11:20]} Kxd6
{[%clk 0:13:04]} 32. Ra7 {[%clk 0:11:49]} Nf4 {[%clk 0:10:23]} 33. Rxa6+
{[%clk 0:12:01]} Bc6 {[%clk 0:10:09]} 34. Ra7 {[%clk 0:10:30]} Ne6
{[%clk 0:09:36]} 35. Kf1 {[%clk 0:10:17]} h5 {[%clk 0:09:45]} 36. h4
{[%clk 0:09:24]} b4 {[%clk 0:09:01]} 37. f3 {[%clk 0:08:49]} e4 {[%clk 0:08:54]}
38. fxe4 {[%clk 0:08:12]} Bxe4 {[%clk 0:09:17]} 39. Ra4 {[%clk 0:07:16]} Kc5
{[%clk 0:08:29]} 40. Ra5+ {[%clk 0:07:40]} Kb6 {[%clk 0:08:15]} 41. Rxh5
{[%clk 0:06:57]} Bxg2+ {[%clk 0:06:25]} 42. Kf2 {[%clk 0:06:59]} Be4
{[%clk 0:05:54]} 43. Rh8 {[%clk 0:07:23]} Bb1 {[%clk 0:05:15]} 44. Rb8+
{[%clk 0:02:30]} Kc5 {[%clk 0:03:16]} 45. Rc8+ {[%clk 0:02:54]} Kd4
{[%clk 0:03:00]} 46. Rc4+ {[%clk 0:02:02]} Kd5 {[%clk 0:02:02]} 47. Rxb4
{[%clk 0:01:54]} Bxa2 {[%clk 0:01:38]} 48. Rb7 {[%clk 0:02:09]} Kc6
{[%clk 0:28:43]} 49. Rb8 {[%clk 0:32:42]} f5 {[%clk 0:26:50]} 50. Kf3
{[%clk 0:29:20]} Bxb3 {[%clk 0:26:04]} 51. Rxb3 {[%clk 0:28:59]} Nd4+
{[%clk 0:26:05]} 52. Kf4 {[%clk 0:29:28]} Nxb3 {[%clk 0:26:33]} 53. Kxf5
{[%clk 0:29:57]} Nd4+ {[%clk 0:24:34]} 54. Kg6 {[%clk 0:30:26]} Ne6
{[%clk 0:24:14]} 55. h5 {[%clk 0:30:55]} 1/2-1/2

[Event "WCO2014"]
[Site "Tromso"]
[Date "2014.08.12"]
[Round "10.5"]
[WhiteID "1004948"]
[White "De Blecourt Sandra"]
[BlackID "2802015"]
[Black "Klinova Masha"]
[Result "1/2-1/2"]
[LiveChessVersion "1.4.3"]
[BlackElo "2312"]
[WhiteElo "2122"]

1. d4 {[%clk 1:30:59]} d6 {[%clk 1:30:55]} 2. c4 {[%clk 1:31:24]} e5
{[%clk 1:31:17]} 3. d5 {[%clk 1:31:49]} Be7 {[%clk 1:31:12]} 4. Nc3
{[%clk 1:32:08]} a5 {[%clk 1:27:41]} 5. h3 {[%clk 1:28:40]} Nd7 {[%clk 1:21:35]}
6. Nf3 {[%clk 1:28:33]} Nc5 {[%clk 1:21:41]} 7. e4 {[%clk 1:28:37]} f5
{[%clk 1:13:32]} 8. exf5 {[%clk 1:25:32]} Bxf5 {[%clk 1:12:12]} 9. Be3
{[%clk 1:24:20]} b6 {[%clk 1:06:54]} 10. g4 {[%clk 1:19:08]} Bg6 {[%clk 1:03:17]}
11. Bxc5 {[%clk 1:09:07]} bxc5 {[%clk 1:03:41]} 12. Qa4+ {[%clk 1:09:17]} Qd7
{[%clk 0:59:11]} 13. Nb5 {[%clk 1:08:05]} Bd8 {[%clk 0:48:59]} 14. Bg2
{[%clk 1:02:14]} Nh6 {[%clk 0:41:05]} 15. Nxe5 {[%clk 0:51:08]} dxe5
{[%clk 0:41:16]} 16. d6 {[%clk 0:51:29]} e4 {[%clk 0:35:42]} 17. dxc7
{[%clk 0:49:50]} O-O {[%clk 0:22:44]} 18. cxd8=Q {[%clk 0:49:58]} Raxd8
{[%clk 0:22:38]} 19. O-O {[%clk 0:44:26]} Qd2 {[%clk 0:17:35]} 20. Rad1
{[%clk 0:42:50]} Qxb2 {[%clk 0:17:33]} 21. Rxd8 {[%clk 0:43:10]} Rxd8
{[%clk 0:17:57]} 22. Qxa5 {[%clk 0:43:04]} Nf7 {[%clk 0:17:41]} 23. a3
{[%clk 0:38:59]} Qe2 {[%clk 0:13:34]} 24. Re1 {[%clk 0:31:49]} Qxc4
{[%clk 0:12:13]} 25. Bf1 {[%clk 0:31:53]} Qd5 {[%clk 0:06:50]} 26. Nc3
{[%clk 0:29:52]} Qe6 {[%clk 0:02:17]} 27. Qxc5 {[%clk 0:29:35]} Ne5
{[%clk 0:01:53]} 28. Be2 {[%clk 0:26:50]} Qd6 {[%clk 0:00:39]} 29. Qxd6
{[%clk 0:21:52]} Rxd6 {[%clk 0:01:08]} 30. Rd1 {[%clk 0:21:39]} Nd3
{[%clk 0:00:42]} 31. Kf1 {[%clk 0:17:32]} Kf8 {[%clk 0:01:01]} 32. Bxd3
{[%clk 0:13:35]} exd3 {[%clk 0:01:24]} 33. f4 {[%clk 0:13:04]} Ra6
{[%clk 0:00:46]} 34. f5 {[%clk 0:10:27]} Bf7 {[%clk 0:01:15]} 35. a4
{[%clk 0:05:50]} g6 {[%clk 0:01:35]} 36. fxg6 {[%clk 0:05:59]} Bxg6
{[%clk 0:01:41]} 37. Ke1 {[%clk 0:06:19]} Rf6 {[%clk 0:01:41]} 38. Rd2
{[%clk 0:05:03]} Rc6 {[%clk 0:02:00]} 39. Nd1 {[%clk 0:04:34]} Ra6
{[%clk 0:01:23]} 40. Nb2 {[%clk 0:03:23]} Kg7 {[%clk 0:01:05]} 41. Rf2
{[%clk 0:02:22]} Rc6 {[%clk 0:00:57]} 42. Rd2 {[%clk 0:27:14]} Rc1+
{[%clk 0:29:09]} 43. Kf2 {[%clk 0:25:53]} Rh1 {[%clk 0:25:51]} 44. Kg3
{[%clk 0:19:27]} Rc1 {[%clk 0:24:52]} 45. Kf4 {[%clk 0:18:42]} Kf6
{[%clk 0:22:24]} 46. h4 {[%clk 0:14:50]} h6 {[%clk 0:21:07]} 47. g5+
{[%clk 0:13:32]} hxg5+ {[%clk 0:19:41]} 48. hxg5+ {[%clk 0:13:58]} Kg7
{[%clk 0:19:52]} 49. a5 {[%clk 0:08:17]} Ra1 {[%clk 0:19:32]} 50. Nxd3
{[%clk 0:07:59]} Ra4+ {[%clk 0:19:28]} 51. Kf3 {[%clk 0:07:22]} Ra3
{[%clk 0:12:44]} 52. Ke3 {[%clk 0:07:29]} Rxa5 {[%clk 0:11:04]} 53. Nf4
{[%clk 0:07:52]} Ra3+ {[%clk 0:06:19]} 54. Kf2 {[%clk 0:07:39]} Bf5
{[%clk 0:05:54]} 55. Rd6 {[%clk 0:06:42]} Ra7 {[%clk 0:04:03]} 56. Nh5+
{[%clk 0:05:27]} Kg8 {[%clk 0:03:23]} 57. Ke3 {[%clk 0:04:37]} Bb1
{[%clk 0:03:34]} 58. Kf4 {[%clk 0:03:47]} Kh7 {[%clk 0:02:34]} 59. Rh6+
{[%clk 0:03:53]} Kg8 {[%clk 0:02:51]} 60. Nf6+ {[%clk 0:03:11]} Kf7
{[%clk 0:02:05]} 61. Nd5 {[%clk 0:03:09]} Ra5 62. Rf6+ {[%clk 0:02:02]} Kg7
{[%clk 0:02:14]} 63. Rd6 {[%clk 0:02:19]} Ra7 {[%clk 0:01:41]} 64. Rb6
{[%clk 0:01:45]} Bg6 {[%clk 0:01:32]} 65. Ke5 {[%clk 0:02:08]} Bf7
{[%clk 0:01:42]} 66. Rd6 {[%clk 0:02:14]} Ra5 {[%clk 0:01:47]} 67. Kd4
{[%clk 0:02:13]} Rxd5+ {[%clk 0:02:08]} 1/2-1/2

[Event "WCO2014"]
[Site "Tromso"]
[Date "2014.08.12"]
[Round "10.6"]
[WhiteID "14100126"]
[White "Shvayger Yuliya"]
[BlackID "1409344"]
[Black "Frank-Nielsen Marie"]
[Result "1-0"]
[LiveChessVersion "1.4.3"]
[BlackElo "1969"]
[WhiteElo "2275"]

1. e4 {[%clk 1:30:35]} d6 {[%clk 1:30:39]} 2. d4 {[%clk 1:30:56]} Nf6
{[%clk 1:30:36]} 3. Nc3 {[%clk 1:31:19]} g6 {[%clk 1:30:10]} 4. Bg5
{[%clk 1:31:30]} Bg7 {[%clk 1:30:05]} 5. Qd2 {[%clk 1:31:55]} O-O
{[%clk 1:28:08]} 6. O-O-O {[%clk 1:28:34]} c6 {[%clk 1:25:17]} 7. f4
{[%clk 1:25:29]} b5 {[%clk 1:21:05]} 8. e5 {[%clk 1:15:00]} b4 {[%clk 1:16:57]}
9. exf6 {[%clk 1:15:21]} exf6 {[%clk 1:17:09]} 10. Bh4 {[%clk 1:13:01]} bxc3
{[%clk 1:17:04]} 11. Qxc3 {[%clk 1:13:29]} Be6 {[%clk 1:12:20]} 12. Bc4
{[%clk 1:12:26]} d5 {[%clk 1:03:58]} 13. Bd3 {[%clk 1:11:48]} Qc8
{[%clk 1:00:57]} 14. Nf3 {[%clk 1:10:24]} Nd7 {[%clk 0:55:47]} 15. f5
{[%clk 1:05:53]} gxf5 {[%clk 0:53:37]} 16. Rhf1 {[%clk 0:57:42]} Nb6
{[%clk 0:46:34]} 17. Bg3 {[%clk 0:55:10]} c5 {[%clk 0:38:28]} 18. Qxc5
{[%clk 0:53:21]} Qb7 {[%clk 0:34:58]} 19. Qc7 {[%clk 0:44:42]} Qxc7
{[%clk 0:34:47]} 20. Bxc7 {[%clk 0:45:10]} Rfc8 {[%clk 0:34:33]} 21. Bd6
{[%clk 0:43:41]} Nd7 {[%clk 0:30:08]} 22. Nh4 {[%clk 0:42:49]} Rc6
{[%clk 0:29:52]} 23. Bg3 {[%clk 0:43:00]} Nb6 {[%clk 0:23:43]} 24. Nxf5
{[%clk 0:37:50]} Bxf5 {[%clk 0:22:32]} 25. Rxf5 {[%clk 0:38:10]} Nc4
{[%clk 0:22:11]} 26. Bxc4 {[%clk 0:38:24]} dxc4 {[%clk 0:21:46]} 27. d5
{[%clk 0:38:44]} Rc5 {[%clk 0:18:14]} 28. Rf3 {[%clk 0:38:03]} Rd8
{[%clk 0:17:08]} 29. Rf5 {[%clk 0:33:33]} c3 {[%clk 0:15:18]} 30. bxc3
{[%clk 0:32:57]} Rxc3 {[%clk 0:14:58]} 31. d6 {[%clk 0:32:51]} Rd7
{[%clk 0:14:58]} 32. Rd4 {[%clk 0:30:37]} Rc8 {[%clk 0:12:21]} 33. c4
{[%clk 0:30:24]} Bh6+ {[%clk 0:11:33]} 34. Kc2 {[%clk 0:29:27]} Be3
{[%clk 0:10:41]} 35. Rdd5 {[%clk 0:25:11]} Rc6 {[%clk 0:08:28]} 36. Kd3
{[%clk 0:24:07]} Bh6 {[%clk 0:07:59]} 37. c5 {[%clk 0:23:56]} Ra6
{[%clk 0:08:01]} 38. a4 {[%clk 0:20:55]} Kf8 {[%clk 0:05:43]} 39. Rxf6
{[%clk 0:19:37]} Bg7 {[%clk 0:05:54]} 40. Rf4 {[%clk 0:20:00]} Rc6
{[%clk 0:04:15]} 41. Rb4 {[%clk 0:20:14]} Rc8 {[%clk 0:04:34]} 42. Kc4
{[%clk 0:19:48]} Bf6 {[%clk 0:01:49]} 43. Rf5 {[%clk 0:17:08]} Bd8
{[%clk 0:28:53]} 44. Kd5 {[%clk 0:48:31]} Ba5 {[%clk 0:27:16]} 45. Rb5
{[%clk 0:48:43]} Bc3 {[%clk 0:24:45]} 46. c6 {[%clk 0:49:01]} 1-0

[Event "WCO2014"]
[Site "Tromso"]
[Date "2014.08.12"]
[Round "10.7"]
[WhiteID "1408259"]
[White "Olsen Miriam F"]
[BlackID "2807602"]
[Black "Vasiliev Olga"]
[Result "0-1"]
[LiveChessVersion "1.4.3"]
[BlackElo "2276"]
[WhiteElo "2019"]

1. e4 {[%clk 1:30:57]} c5 {[%clk 1:30:52]} 2. Nf3 {[%clk 1:31:18]} a6
{[%clk 1:31:15]} 3. c4 {[%clk 1:31:32]} e6 {[%clk 1:31:37]} 4. d4
{[%clk 1:21:45]} cxd4 {[%clk 1:31:52]} 5. Nxd4 {[%clk 1:22:06]} Qc7
{[%clk 1:32:16]} 6. Be2 {[%clk 1:17:27]} Nf6 {[%clk 1:30:12]} 7. Nc3
{[%clk 1:04:57]} b6 {[%clk 1:30:20]} 8. O-O {[%clk 1:03:29]} Bb7 {[%clk 1:30:28]}
9. f3 {[%clk 0:53:17]} Bd6 {[%clk 1:30:27]} 10. Kh1 {[%clk 0:47:07]} Bc5
{[%clk 1:29:39]} 11. Nc2 {[%clk 0:45:56]} Nc6 {[%clk 1:24:35]} 12. Be3
{[%clk 0:39:58]} O-O {[%clk 1:21:32]} 13. Qd2 {[%clk 0:39:20]} Rfd8
{[%clk 1:13:35]} 14. Bg5 {[%clk 0:32:43]} Be7 {[%clk 1:11:42]} 15. Bf4
{[%clk 0:29:05]} Ne5 {[%clk 1:07:14]} 16. Qd4 {[%clk 0:27:59]} d6
{[%clk 1:07:02]} 17. Rfd1 {[%clk 0:23:45]} Rac8 {[%clk 1:03:06]} 18. Be3
{[%clk 0:18:06]} Nfd7 {[%clk 1:02:45]} 19. Na3 {[%clk 0:15:30]} Nc5
{[%clk 0:56:43]} 20. Rac1 {[%clk 0:14:49]} Qd7 {[%clk 0:53:21]} 21. Qd2
{[%clk 0:13:55]} Nc6 {[%clk 0:52:28]} 22. Nc2 {[%clk 0:14:12]} a5
{[%clk 0:52:03]} 23. b3 {[%clk 0:13:57]} Qe8 {[%clk 0:49:20]} 24. Qe1
{[%clk 0:13:36]} Ba6 {[%clk 0:47:34]} 25. Nd4 {[%clk 0:12:54]} Ne5
{[%clk 0:45:24]} 26. Ndb5 {[%clk 0:12:42]} Ng6 {[%clk 0:44:55]} 27. Qf2
{[%clk 0:11:32]} Qf8 {[%clk 0:42:00]} 28. Nd4 {[%clk 0:11:13]} Bb7
{[%clk 0:41:28]} 29. Ndb5 {[%clk 0:11:15]} f5 {[%clk 0:40:23]} 30. exf5
{[%clk 0:10:57]} Qxf5 {[%clk 0:40:27]} 31. Ne4 {[%clk 0:06:34]} Bxe4
{[%clk 0:38:32]} 32. fxe4 {[%clk 0:06:57]} Qxe4 {[%clk 0:38:30]} 33. Bf3
{[%clk 0:07:16]} Qf5 {[%clk 0:38:26]} 34. Na7 {[%clk 0:07:00]} Ne5
{[%clk 0:36:39]} 35. Nxc8 {[%clk 0:06:42]} Rxc8 {[%clk 0:37:03]} 36. Be2
{[%clk 0:05:59]} Qg6 {[%clk 0:36:58]} 37. Qg3 {[%clk 0:05:41]} Qxg3
{[%clk 0:34:41]} 38. hxg3 {[%clk 0:06:06]} Rf8 {[%clk 0:34:17]} 39. Rd4
{[%clk 0:01:35]} g5 {[%clk 0:33:19]} 40. Rf1 {[%clk 0:01:36]} h6 {[%clk 0:32:11]}
41. Rxf8+ {[%clk 0:00:31]} Kxf8 {[%clk 0:30:36]} 42. Kg1 {[%clk 0:23:44]} Ke8
{[%clk 1:00:35]} 43. Rd1 {[%clk 0:22:59]} Kd7 {[%clk 0:59:45]} 44. Rf1
{[%clk 0:18:51]} Kc7 {[%clk 0:56:18]} 45. Bd4 {[%clk 0:18:59]} Ncd7
{[%clk 0:55:46]} 46. Bh5 {[%clk 0:16:49]} d5 {[%clk 0:51:51]} 47. cxd5
{[%clk 0:15:09]} exd5 {[%clk 0:52:14]} 48. Be8 {[%clk 0:13:27]} Bc5
{[%clk 0:50:58]} 49. Bxc5 {[%clk 0:11:08]} Nxc5 {[%clk 0:48:28]} 50. Rf6
{[%clk 0:10:15]} d4 {[%clk 0:48:41]} 51. Rxh6 {[%clk 0:04:51]} d3
{[%clk 0:49:04]} 52. Bb5 {[%clk 0:04:48]} d2 {[%clk 0:45:02]} 53. Be2
{[%clk 0:05:15]} Ne4 {[%clk 0:43:41]} 54. Bd1 {[%clk 0:04:50]} Nc3
{[%clk 0:41:37]} 55. Bc2 {[%clk 0:04:07]} Nd3 {[%clk 0:41:05]} 56. Kf1
{[%clk 0:03:45]} Nb4 {[%clk 0:39:14]} 57. Bd1 {[%clk 0:04:09]} Nbxa2
{[%clk 0:37:53]} 58. Rg6 {[%clk 0:03:23]} Nb4 {[%clk 0:37:38]} 59. Re6
{[%clk 0:02:24]} Nc6 {[%clk 0:36:37]} 60. Re2 {[%clk 0:02:06]} Nxd1
{[%clk 0:36:19]} 61. Rxd2 {[%clk 0:02:30]} Ne3+ {[%clk 0:36:28]} 62. Ke2
{[%clk 0:02:10]} Nf5 {[%clk 0:36:40]} 63. Rd3 {[%clk 0:02:05]} g4
{[%clk 0:36:19]} 64. Kd2 {[%clk 0:02:06]} Nb4 {[%clk 0:36:02]} 65. Rc3+
{[%clk 0:02:13]} Kd6 {[%clk 0:36:17]} 66. Rc4 {[%clk 0:02:27]} Nh6
{[%clk 0:33:29]} 67. Ke3 {[%clk 0:02:42]} b5 {[%clk 0:32:46]} 68. Rd4+
{[%clk 0:02:14]} Kc5 {[%clk 0:33:06]} 69. Rd1 {[%clk 0:02:02]} Nd5+
{[%clk 0:32:50]} 70. Kd3 {[%clk 0:02:21]} Nf5 {[%clk 0:33:40]} 71. Rc1+
{[%clk 0:02:04]} Kb4 {[%clk 0:33:23]} 72. Kc2 {[%clk 0:02:27]} Nd4+
{[%clk 0:32:42]} 73. Kb2 {[%clk 0:02:43]} Nxb3 {[%clk 0:32:42]} 74. Rd1
{[%clk 0:02:56]} Ne3 {[%clk 0:32:41]} 75. Re1 {[%clk 0:02:30]} Nc4+
{[%clk 0:32:23]} 76. Ka2 {[%clk 0:02:33]} Nbd2 {[%clk 0:32:15]} 77. Rc1
{[%clk 0:01:49]} a4 {[%clk 0:32:28]} 78. Rh1 {[%clk 0:01:26]} Kc3
{[%clk 0:32:33]} 79. Rc1+ {[%clk 0:01:37]} Kd3 {[%clk 0:32:57]} 0-1

[Event "WCO2014"]
[Site "Tromso"]
[Date "2014.08.12"]
[Round "10.8"]
[WhiteID "2806452"]
[White "Borsuk Angela"]
[BlackID "1504258"]
[Black "Stolberg-Rohr Thomine"]
[Result "1-0"]
[LiveChessVersion "1.4.3"]
[BlackElo "1960"]
[WhiteElo "2198"]

1. d4 {[%clk 1:30:58]} Nf6 {[%clk 1:30:53]} 2. Nf3 {[%clk 1:31:25]} g6
{[%clk 1:31:12]} 3. c4 {[%clk 1:31:38]} Bg7 {[%clk 1:31:27]} 4. Nc3
{[%clk 1:32:03]} O-O {[%clk 1:31:28]} 5. e4 {[%clk 1:32:17]} d6 {[%clk 1:31:48]}
6. Be2 {[%clk 1:32:11]} e5 {[%clk 1:31:57]} 7. O-O {[%clk 1:32:07]} Nc6
{[%clk 1:31:58]} 8. d5 {[%clk 1:32:21]} Ne7 {[%clk 1:32:19]} 9. b4
{[%clk 1:31:40]} a5 {[%clk 1:32:20]} 10. b5 {[%clk 1:24:02]} b6 {[%clk 1:29:50]}
11. h3 {[%clk 1:18:38]} Nd7 {[%clk 1:23:33]} 12. Be3 {[%clk 1:13:44]} h6
{[%clk 1:22:53]} 13. Qd2 {[%clk 1:09:08]} Kh7 {[%clk 1:22:59]} 14. Nh2
{[%clk 1:08:00]} f5 {[%clk 1:22:15]} 15. exf5 {[%clk 1:00:04]} Nxf5
{[%clk 1:13:45]} 16. Ne4 {[%clk 0:59:58]} Nxe3 {[%clk 1:12:23]} 17. Qxe3
{[%clk 0:52:45]} Nf6 {[%clk 1:11:44]} 18. Ng3 {[%clk 0:52:32]} Qe8
{[%clk 1:02:03]} 19. Rae1 {[%clk 0:52:16]} Bf5 {[%clk 0:55:34]} 20. Nf3
{[%clk 0:43:05]} Nd7 {[%clk 0:50:53]} 21. Nh4 {[%clk 0:41:57]} Nc5
{[%clk 0:49:07]} 22. Ngxf5 {[%clk 0:38:11]} gxf5 {[%clk 0:49:14]} 23. f4
{[%clk 0:32:27]} Qe7 {[%clk 0:40:24]} 24. g3 {[%clk 0:27:30]} e4 {[%clk 0:36:49]}
25. Bh5 {[%clk 0:26:38]} Qd7 {[%clk 0:26:47]} 26. Re2 {[%clk 0:24:09]} Rf6
{[%clk 0:24:01]} 27. Rg2 {[%clk 0:23:34]} Rg8 {[%clk 0:18:47]} 28. Kh1
{[%clk 0:23:09]} Bh8 {[%clk 0:18:30]} 29. g4 {[%clk 0:21:14]} fxg4
{[%clk 0:18:17]} 30. Bxg4 {[%clk 0:21:29]} Qf7 {[%clk 0:17:40]} 31. Be6
{[%clk 0:18:51]} Rxe6 {[%clk 0:12:28]} 32. dxe6 {[%clk 0:19:06]} Qxe6
{[%clk 0:12:46]} 33. f5 {[%clk 0:18:12]} Qxc4 {[%clk 0:11:43]} 34. Rxg8
{[%clk 0:13:06]} Qxg8 {[%clk 0:11:02]} 35. f6 {[%clk 0:11:48]} Qf7
{[%clk 0:04:05]} 36. Qf4 {[%clk 0:10:25]} Nd7 {[%clk 0:01:18]} 37. Qxe4+
{[%clk 0:10:22]} Kg8 {[%clk 0:01:41]} 38. Rg1+ {[%clk 0:10:09]} Kf8
{[%clk 0:01:46]} 39. Ng6+ {[%clk 0:10:33]} Kg8 {[%clk 0:01:58]} 40. Ne7+
{[%clk 0:10:10]} Kf8 {[%clk 0:02:14]} 41. Rg8+ {[%clk 0:10:26]} 1-0

[Event "WCO2014"]
[Site "Tromso"]
[Date "2014.08.12"]
[Round "10.1"]
[WhiteID "3506940"]
[White "Ordaz Valdes Lisandra Teresa"]
[BlackID "7902867"]
[Black "Meghara Lylia"]
[Result "1-0"]
[LiveChessVersion "1.4.3"]
[BlackElo "1811"]
[WhiteElo "2345"]

1. d4 {[%clk 1:30:54]} Nf6 {[%clk 1:30:55]} 2. c4 {[%clk 1:31:19]} e6
{[%clk 1:31:21]} 3. Nc3 {[%clk 1:31:44]} d5 {[%clk 1:31:33]} 4. Nf3
{[%clk 1:32:06]} Be7 {[%clk 1:31:49]} 5. Bg5 {[%clk 1:32:25]} O-O
{[%clk 1:31:35]} 6. Qc2 {[%clk 1:32:44]} b6 {[%clk 1:30:33]} 7. Bxf6
{[%clk 1:33:03]} Bxf6 {[%clk 1:30:44]} 8. e4 {[%clk 1:33:28]} dxc4
{[%clk 1:21:06]} 9. e5 {[%clk 1:31:27]} Be7 {[%clk 1:20:31]} 10. Qe4
{[%clk 1:30:47]} c6 {[%clk 1:19:19]} 11. Bxc4 {[%clk 1:30:16]} Qc7
{[%clk 1:08:36]} 12. h4 {[%clk 1:16:43]} Re8 {[%clk 0:38:52]} 13. Bd3
{[%clk 0:56:11]} g6 {[%clk 0:38:10]} 14. h5 {[%clk 0:56:37]} Ba6 {[%clk 0:32:00]}
15. Bc2 {[%clk 0:56:36]} Bf8 {[%clk 0:13:55]} 16. Ng5 {[%clk 0:50:41]} h6
{[%clk 0:08:41]} 17. hxg6 {[%clk 0:48:42]} hxg5 {[%clk 0:07:30]} 18. Rh8+
{[%clk 0:48:25]} Kg7 {[%clk 0:06:38]} 19. Rh7+ {[%clk 0:48:20]} Kg8
{[%clk 0:06:41]} 20. gxf7+ {[%clk 0:48:29]} Qxf7 {[%clk 0:06:41]} 21. Rxf7
{[%clk 0:48:53]} Kxf7 {[%clk 0:07:07]} 22. Qh7+ {[%clk 0:49:14]} Bg7
{[%clk 0:07:09]} 23. Bg6+ {[%clk 0:49:33]} 1-0